000 00651cab a2200229 4500
001 ABS47826
008 090401t1993 xxu||||| |||| 00| 0 eng d
035 _a(Sirsi) u63540
041 _aeng
100 _aKynoch, R.
245 _aFactory outlet shopping
260 _c1993
350 _a0
490 _aCSW - The Property Week
_v42(2) 14 January 1993, 16-17 (2)
520 _aReports on the expansion of factory outlet shopping along US lines in the UK.
650 _aFACTORY SHOPPING
650 _aRETAIL PROPERTY
650 _aRETAILING
690 _aPROPERTY-COMMERCIAL PROPERTY-RETAIL PROPERTY
942 _n0
948 _c04/03/1997
999 _c39493
_d39493